The Cambridge grammar of the English Language
Kaydedildi:
| Yazar: | |
|---|---|
| Materyal Türü: | Kitap |
| Dil: | Undetermined |
| Baskı/Yayın Bilgisi: |
Reino Unido
Cambridge University Press
2002
|
| Konular: | |
| Etiketler: |
Etiketle
Etiket eklenmemiş, İlk siz ekleyin!
|
MARC
| LEADER | 00000nam a2200000Ia 4500 | ||
|---|---|---|---|
| 008 | 170316s9999 xx 000 0 und d | ||
| 999 | |c 30744 |d 30744 | ||
| 020 | |a 84-7183-007-8 | ||
| 040 | |a cru BVZT | ||
| 090 | |a R-413 H-1.3c ING-ING | ||
| 100 | |a Huddleston, Rodney | ||
| 245 | |a The Cambridge grammar of the English Language |c Rodney Huddleston ; Geoffrey K. Pullum | ||
| 260 | |a Reino Unido |b Cambridge University Press |c 2002 | ||
| 300 | |a 1842 páginas | ||
| 500 | |a Incluye referencias bibliográficas e índice léxico y conceptual | ||
| 650 | |a REFERENCIA |9 27 | ||
| 650 | 0 | |a EN IDIOMA INGLÉS |9 129 | |
| 650 | 0 | |a GRAMÁTICA INGLESA |9 97 | |
| 942 | |c REF |0 7 |2 z | ||



